000 00469nam a2200181Ia 4500
001 21321
005 20260306172910.0
008 260306t1994||||xx |||||||||||||| ||spa||
041 _aESP
082 _a344.526
_bP84
100 _aPrado Saldarriaga, Víctor Roberto
_eAUT
245 0 _aEl delito de lavado de dinero:
_bsu tratamiento penal y bancario en el Perú
260 _c1994
300 _a
_c
650 _aGEN
654 _aCDE
942 _cLIB
_dJUS
_fJUS
_2ddc
_n
999 _c21321
_d21321